| 000 | 01235cam a22003015a 4500 | ||
|---|---|---|---|
| 999 |
_c24881 _d24853 |
||
| 003 | EG-ScBUE | ||
| 005 | 20191228113126.0 | ||
| 008 | 170524s2010 ua f b 000 0 ara d | ||
| 020 | _a9771612379 | ||
| 020 | _a9789771612377 | ||
| 040 |
_aEG-ScBUE _bara _erda _cEG-ScBUE _dEG-ScBUE |
||
| 082 | 0 | 4 |
_a401.41 _bب ط ل _222 |
| 100 | 1 |
_aبطل، محمد، _eمؤلف. |
|
| 245 | 1 | 0 |
_aتحليل الخطاب والترجمة / _cالدكتور محمد البطل. |
| 250 | _aالطبعة الأولى. | ||
| 264 | 1 |
_aالجيزة، مصر : _bالشركة المصرية العالمية للنشر، لونجمان ؛ _aالقاهرة : _bشركة أبو الهول للنشر ؛ _a[ٍبيروت] : _bمكتبة لبنان ناشرون، _c2010. |
|
| 300 |
_a152 صفحة ؛ _c24 سم. |
||
| 336 |
_2rdacontent _aنص _btxt |
||
| 337 |
_2rdamedia _aبدون وسيط _bn |
||
| 338 |
_2rdacarrier _aمجلد _bnc |
||
| 490 | 0 | _aلغويات | |
| 504 | _aيشتمل على إرجاعات ببليوجرافية. | ||
| 546 | _aالنص باللغتين العربية والإنجليزية. | ||
| 590 | _amahmoud sami | ||
| 650 | 7 |
_aتحليل الخطاب. _2BUEsh |
|
| 650 | 7 |
_aالترجمة العربية. _2BUEsh |
|
| 942 | _2ddc | ||